Top 10 Largest Fast Food Chains in the US - Statistics

General Stats
  • This quiz has been taken 2,299 times
  • The average score is 6 of 10
Answer Stats
Locations Answer % Correct
14,098 McDonald's
99%
7,231 Burger King
91%
6,594 Wendy's
83%
24,722 Subway
72%
5,670 Taco Bell
71%
10,821 Starbucks
59%
7,600 Pizza Hut
53%
7,015 Dunkin' Donuts
37%
6,187 Dairy Queen
29%
4,907 Domino's Pizza
6%
No matching quizzes found
Score Distribution
Percent of People with Each Score
Percentile by Number Answered
Your Score History
You have not taken this quiz